ਭੂਤ ਨਗਰੀ / (Record no. 110250)

MARC details
000 -LEADER
fixed length control field 00996nam a22002537a 4500
005 - DATE AND TIME OF LATEST TRANSACTION
control field 20170123164149.0
010 ## - LIBRARY OF CONGRESS CONTROL NUMBER
LC control number B-109190
020 ## - INTERNATIONAL STANDARD BOOK NUMBER
Terms of availability 100.00
035 ## - SYSTEM CONTROL NUMBER
System control number B-109190
037 ## - SOURCE OF ACQUISITION
Source of stock number/acquisition Cen Lib / Ret
040 ## - CATALOGING SOURCE
Original cataloging agency DPL
Language of cataloging PN
082 ## - DEWEY DECIMAL CLASSIFICATION NUMBER
Classification number 851
Item number ਸੰਘੇੜਾ
100 ## - MAIN ENTRY--PERSONAL NAME
Personal name ਸੰਘੇੜਾ, ਸੁਖਪਾਲ
9 (RLIN) 125559
245 ## - TITLE STATEMENT
Title ਭੂਤ ਨਗਰੀ /
Statement of responsibility, etc ਸੁਖਪਾਲ ਸੰਘੇਰਾ
246 ## - VARYING FORM OF TITLE
Title proper/short title Bhoot nagri : poems /
Remainder of title Sukhpal Sanghera
260 ## - PUBLICATION, DISTRIBUTION, ETC. (IMPRINT)
Place of publication, distribution, etc ਲੁਧਿਆਣਾਂ
Name of publisher, distributor, etc ਚੇਤਨਾ ਪ੍ਰਕਾਸ਼ਨ
Date of publication, distribution, etc 2006
270 ## - ADDRESS
Address ਚੇਤਨਾ ਪ੍ਰਕਾਸ਼ਨ ਪੰਜਾਬੀ ਭਵਨ ਲੁਧਿਆਣਾਂ
City ਲੁਧਿਆਣਾਂ
Postal code 160022
300 ## - PHYSICAL DESCRIPTION
Extent 94p.
Dimensions 21cm(Hb)
650 ## - SUBJECT ADDED ENTRY--TOPICAL TERM
Topical term or geographic name as entry element ਪੰਜਾਬੀ ਸਾਹਿਤ
9 (RLIN) 125560
650 ## - SUBJECT ADDED ENTRY--TOPICAL TERM
Topical term or geographic name as entry element Punjabi poems
9 (RLIN) 98797
650 ## - SUBJECT ADDED ENTRY--TOPICAL TERM
Topical term or geographic name as entry element Literature -- Punjabi
9 (RLIN) 125561
650 ## - SUBJECT ADDED ENTRY--TOPICAL TERM
Topical term or geographic name as entry element ਪੰਜਾਬੀ ਕਵਿਤਾ
9 (RLIN) 125562
942 ## - ADDED ENTRY ELEMENTS (KOHA)
Source of classification or shelving scheme Dewey Decimal Classification
Koha item type Punjabi Bks
Classification part 851
Call number suffix ਸੰਘੇੜਾ
Holdings
Withdrawn status Lost status Damaged status Not for loan Home library Current library Date acquired Source of acquisition Cost, normal purchase price Total Checkouts Full call number Barcode Date last seen Copy number Cost, replacement price Price effective from Koha item type
        Central Library Central Library 19/01/2016 Cen Lib/Ret 100.00   851 ਸੰਘੇੜਾ B-109190 19/01/2016 1 100.00 19/01/2016 Punjabi Bks

© Delhi Public Library
Hit Counter
free hit counter